| 000 | 00773nam a22001935i 4500 | ||
|---|---|---|---|
| 001 | 53330 | ||
| 003 | ES-MaACL | ||
| 005 | 20230906162740.0 | ||
| 007 | t| | ||
| 008 | 960201s1877 sp ||||1| spa d | ||
| 040 |
_aCAM _bspa _cCCPB | SIC |
||
| 100 | 1 |
_aCagigal Ruiz, José María. _933425 |
|
| 245 | 1 | 0 |
_aAnálisis de las aguas minerales y potables de Caldas de Besaya, provincia de Santander / _cpor José María Cagigal y Ruiz... y José Escalante González. |
| 260 |
_aSantander : _b[s.n.], _c1877 ( _fImp. y Lit. de Telesforo Martínez) |
||
| 300 |
_a33 p., [2] h. pleg. ; _c21 cm. |
||
| 650 | 4 |
_aAguas minerales- _zLas Caldas de Besaya. _9135521 |
|
| 700 | 1 |
_aEscalante González, José. _947469 |
|
| 852 |
_aES-MaACL _jT-374-F-14 _t. - Ded. autógr. de J. Escalante |
||
| 999 |
_c53330 _d53330 |
||